|
|
|
|
| LEADER |
01073nam a2200277 a 4500 |
| 001 |
41351 |
| 003 |
BD-DhAAL |
| 005 |
20230716144341.0 |
| 008 |
230716t1989 nyua b 001 0 eng |
| 010 |
|
|
|a 88012560
|
| 020 |
|
|
|a 0195055721 (pbk.) :
|c $22.95
|
| 040 |
|
|
|a DLC
|c DLC
|d DLC
|d BD-DhAAL
|
| 050 |
0 |
0 |
|a HD82
|b .L3273 1989
|
| 082 |
0 |
0 |
|a 338.9
|2 19
|
| 245 |
0 |
0 |
|a Leading issues in economic development /
|c edited by Gerald M. Meier.
|
| 250 |
|
|
|a Fifth edition
|
| 260 |
|
|
|a New York :
|b Oxford University Press,
|c 1989.
|
| 300 |
|
|
|a xvi, 560 pages :
|b ill. ;
|c 24 cm.
|
| 504 |
|
|
|a Includes bibliographical references and index.
|
| 541 |
|
|
|a Donated by Akbar Ali Khan
|e 41351
|
| 650 |
|
0 |
|a Economic development.
|
| 700 |
1 |
|
|a Meier, Gerald M.
|
| 852 |
|
|
|a Ayesha Abed Library
|c Akbar Ali Khan Collection
|
| 942 |
|
|
|2 ddc
|c BK
|
| 999 |
|
|
|c 45979
|d 45979
|
| 952 |
|
|
|0 0
|1 0
|2 ddc
|4 0
|6 338_900000000000000_LEA
|7 1
|9 73963
|a BRACUL
|b BRACUL
|c AAKC
|d 2023-07-16
|g 540.35
|l 0
|o 338.9 LEA
|p 3010041351
|r 2023-07-16
|t 1
|w 2023-07-16
|y BK
|x price are not available in book (collected from amazon.com $4.98)
|